| 000 | 00626nam a22002177a 4500 | ||
|---|---|---|---|
| 005 | 20151120141329.0 | ||
| 008 | 151120b xxu||||| |||| 00| 0 eng d | ||
| 020 |
_a8178243865 _c595.00 |
||
| 040 | _aLoreto College | ||
| 041 | _aEnglish | ||
| 082 |
_a954.02 _bALA |
||
| 100 | _aAlam,Muzaffar | ||
| 245 |
_aWriting the Mughal world _bStudies in political culture _cMuzaffar Alam and Sanjay Subrahmanyam |
||
| 260 |
_aRanikhet _bPermanent Black _c2014 |
||
| 300 |
_axv,516p _b22cm |
||
| 504 | _aIncludes index | ||
| 650 | _aMedieval history-India | ||
| 700 |
_4Auth _aSubrahmanyam,Sanjay |
||
| 850 | _aLCLIB | ||
| 942 | _cBK | ||
| 999 |
_c40190 _d90669 |
||